Statistics for Months in Lithuanian

Click here to take the quiz!

General Stats

  • This quiz has been taken 2 times
  • The average score is 5 of 12

Answer Stats

HintAnswer% Correct
MarchKovas
100%
FebruaryVasaris
100%
AprilBalandis
50%
NovemberLapkritis
50%
JulyLiepa
50%
AugustRugpjūtis
50%
SeptemberRugsėjis
50%
JanuarySausis
50%
JuneBirželis
0%
MayGergužė
0%
DecemberGruodis
0%
OctoberSpalis
0%

Score Distribution

Percentile by Number Answered

Percent of People with Each Score

Your Score History

You have not taken this quiz